Heritage : Vietnam airlines inflight magazine 132

Nội dung số này trình bày: súng thần công, rối nước - kết tinh từ những hồn quê, người tạo hình trên gốc rễ cây, tôi yêu hoa bưởi, phòng vấn.

Gorde:
Xehetasun bibliografikoak
Formatua: Liburua
Hizkuntza:Vietnamese
Argitaratua: H. Vietnam airlines 2013
Gaiak:
Etiketak: Etiketa erantsi
Etiketarik gabe, Izan zaitez lehena erregistro honi etiketa jartzen!
Thư viện lưu trữ: Thư viện Trường Đại học Nam Cần Thơ
LEADER 00901nam a22002057a 4500
001 NCT_132876
008 220303b xxu||||| |||| 00| 0 vie d
999 |c 6836  |d 6836 
041 0 |a vie 
082 0 4 |2 23rd ed.  |a 915.97  |b H546 
245 0 0 |a Heritage :  |b Vietnam airlines inflight magazine  |n 132  |c Vietnam airlines 
260 |a H.  |b Vietnam airlines  |c 2013 
300 |c 29 cm 
310 |a Tháng 1 kỳ 
362 |a 03/2013 
520 3 |a Nội dung số này trình bày: súng thần công, rối nước - kết tinh từ những hồn quê, người tạo hình trên gốc rễ cây, tôi yêu hoa bưởi, phòng vấn. 
655 |a Tạp chí 
942 |2 ddc  |c CR 
952 |0 0  |1 0  |2 ddc  |4 0  |6 915_970000000000000_H546  |7 0  |9 24716  |a 000001  |b 000001  |d 2022-06-01  |o 915.97 H546  |r 2022-06-01  |w 2022-06-01  |y CR 
980 |a Thư viện Trường Đại học Nam Cần Thơ